000 00502nam a22001817a 4500
003 SISC
005 20160401143152.0
008 130904t xxu||||| |||| 00| 0 eng d
050 _aKE 447 .M478 1980
082 _aHS 342.73
_bM14 19
100 _aMcDonald, M.
_916437
245 _aLegal first aid /
_cM.McDonald.
260 _aCanada :
_bColes Pub.,
_cc1980.
300 _a175 p. :
_bill. ;
_c21 cm.
650 _aUnited States
_xConstitutional law.
_916438
942 _2lcc
_cBK
999 _c10320
_d10320